00249nam a2200109Ia 4500008004100000100001500041245002500056260002700081300000900108942000700117999001500124190216s9999||||xx |||||||||||||| ||und|| aGupta .o P 0aElements Of Commerce bBpb Publicationsc1974 a439p cBK c3833d3833